| 000 | 00584nam a2200169Ia 4500 | ||
|---|---|---|---|
| 008 | 090711s9999 xx 000 0 und d | ||
| 082 | _b31772 | ||
| 100 | _aसरवटे रघुनाथ वि. | ||
| 245 | _aगुलाबाSाी लागवड | ||
| 260 |
_bउद्यम प्रकाशन _c1972 |
||
| 300 | _a126 | ||
| 600 | _aसरवटे रघुनाथ वि. | ||
| 630 | _aगुलाबाSाी लागवड | ||
| 700 | _aसरवटे रघुनाथ वि. | ||
| 730 | _aगुलाबाSाी लागवड | ||
| 942 | _cBOOK | ||
| 999 |
_c328965 _d328965 |
||